Statistics for Percy Jackson Characters By Clue

Click here to take the quiz!

General Stats

  • This quiz has been taken 2,765 times
    (2,608 since last reset)
  • The average score is 11 of 12

Answer Stats

ClueCharacter% Correct
Daughter of AthenaAnnabeth
99%
Peter Johnson to DionysusPercy
99%
Favorite Food Is EnchiladasGrover
98%
1st Crush of ^Luke
96%
CyclopsTyson
96%
Mr. BrunnerChiron
94%
God of Horses and MermenPoseidon
90%
Stepfather #2Paul
87%
George and MarthaHermes
82%
Came Along for the Quest in Book 2Clarisse
75%
Runs a Candy Shop in Grand CentralSally
75%
Died on Kronos' Cruise ShipCharles
63%

Score Distribution

Percentile by Number Answered

Percent of People with Each Score

Your Score History

You have not taken this quiz since the last reset